[Event "Benidorm Bali op-B 20th"]
[Site "Benidorm"]
[Date "2023.12.07"]
[Round "8"]
[White "Stanchev, Aleksandar"]
[Black "Ziobrowska, Maja"]
[Result "1-0"]
[WhiteElo "1948"]
[BlackElo "1678"]
[PlyCount "45"]
[EventDate "2023.12.01"]
[EventType "swiss"]
[EventRounds "9"]
[EventCountry "ESP"]
[SourceTitle "CB51_2023"]
[SourceDate "2023.12.20"]
[SourceVersion "1"]
[SourceVersionDate "2023.12.20"]
[SourceQuality "1"]

1. Nf3 Nf6 2. d4 d5 3. g3 e6 4. Bg2 Bd6 5. b3 Nbd7 6. Bb2 Ne4 7. 0-0 h5 8. Nbd2 Ndf6 9. Ne5 h4 10. Nxe4 Nxe4 11. Qd3 f6 12. f3 hxg3 13. fxe4 fxe5 14. Qxg3 exd4 15. Qg6+ Kd7 16. h3 Qe8 17. Rf7+ Kc6 18. Bxd4 Rf8 19. Raf1 Bd7 20. c4 Bc5 21. exd5+ Kb6 22. Bxc5+ Kxc5 23. dxe6 1-0

[Event "POL-ch Blitz U18 Girls"]
[Site "Bydgoszcz"]
[Date "2023.08.31"]
[Round "3"]
[White "Gajec, Roza"]
[Black "Ziobrowska, Maja"]
[Result "0-1"]
[WhiteElo "1340"]
[BlackElo "1713"]
[PlyCount "64"]
[EventDate "2023.08.28"]
[EventType "swiss"]
[EventRounds "9"]
[EventCountry "POL"]
[SourceTitle "EXT 2024"]
[Source "ChessBase"]
[SourceDate "2023.10.10"]
[SourceVersion "1"]
[SourceVersionDate "2023.10.10"]
[SourceQuality "1"]

1. e4 e5 2. Nf3 Nc6 3. Bb5 a6 4. Ba4 Nf6 5. 0-0 Be7 6. Re1 b5 7. Bb3 d6 8. h3 0-0 9. c3 Bb7 10. d3 Re8 11. Nbd2 Bf8 12. a4 g6 13. Nf1 Bg7 14. Bg5 Na5 15. Ba2 c5 16. b4 cxb4 17. cxb4 Nc6 18. Qb3 Qd7 19. axb5 axb5 20. Be3 d5 21. Bc5 Nd4 22. Nxd4 exd4 23. e5 Nh5 24. Bxd4 Nf4 25. Rac1 Qf5 26. Bb1 Qg5 27. Ng3 h5 28. Be3 Bxe5 29. Bxf4 Bxf4 30. Ne2 Bxc1 31. Rxc1 Rxe2 32. Kf1 Qxc1+ 0-1

[Event "POL-ch Rapid U18 Girls"]
[Site "Bydgoszcz"]
[Date "2023.08.30"]
[Round "8"]
[White "Smietanska, Wiktoria"]
[Black "Ziobrowska, Maja"]
[Result "1-0"]
[WhiteElo "1951"]
[BlackElo "1579"]
[PlyCount "57"]
[EventDate "2023.08.28"]
[EventType "swiss"]
[EventRounds "11"]
[EventCountry "POL"]
[SourceTitle "EXT 2024"]
[Source "ChessBase"]
[SourceDate "2023.10.10"]
[SourceVersion "1"]
[SourceVersionDate "2023.10.10"]
[SourceQuality "1"]

1. c4 e5 2. Nc3 Nf6 3. Nf3 Nc6 4. e4 Bc5 5. Nxe5 Nxe5 6. d4 Bb4 7. dxe5 Nxe4 8. Qf3 Nxc3 9. bxc3 Be7 10. Qg3 g6 11. Bh6 d6 12. Rd1 Be6 13. Be2 Qd7 14. exd6 Bxd6 15. Qf3 Qc6 16. Qf6 Rg8 17. 0-0 Be7 18. Qd4 Rd8 19. Qxa7 f6 20. Rxd8+ Bxd8 21. Be3 b6 22. c5 bxc5 23. Bf3 Bd5 24. Bxd5 Qxd5 25. Qxc5 Qxa2 26. Qc6+ Ke7 27. Bc5+ Kf7 28. Qd7+ Be7 29. Qxe7# 1-0

[Event "POL-ch Rapid U18 Girls"]
[Site "Bydgoszcz"]
[Date "2023.08.29"]
[Round "6"]
[White "Kulczycka, Zofia"]
[Black "Ziobrowska, Maja"]
[Result "0-1"]
[WhiteElo "1387"]
[BlackElo "1579"]
[PlyCount "98"]
[EventDate "2023.08.28"]
[EventType "swiss"]
[EventRounds "11"]
[EventCountry "POL"]
[SourceTitle "EXT 2024"]
[Source "ChessBase"]
[SourceDate "2023.10.10"]
[SourceVersion "1"]
[SourceVersionDate "2023.10.10"]
[SourceQuality "1"]

1. e4 e5 2. Nf3 Nc6 3. Bb5 a6 4. Ba4 Nf6 5. 0-0 Be7 6. Re1 b5 7. Bb3 d6 8. a4 Rb8 9. h3 0-0 10. Nc3 Na5 11. Ba2 b4 12. Nd5 Nxd5 13. exd5 Bd7 14. c3 f5 15. Nxe5 dxe5 16. d6+ b3 17. dxe7 Qxe7 18. Bb1 Bc6 19. Qe2 Qg5 20. f3 e4 21. fxe4 fxe4 22. Bxe4 Bxe4 23. d3 Qxg2+ 24. Qxg2 Bxg2 25. Kxg2 Rb6 26. Be3 Rg6+ 27. Kh2 Rf3 28. Bc5 h6 29. Rf1 Rxd3 30. Rad1 Rxd1 31. Rxd1 Nc4 32. Rd8+ Kh7 33. Rb8 Nd2 34. Rb7 Rc6 35. Be3 Nc4 36. Bd4 Nxb2 37. a5 Nc4 38. Rxb3 Nxa5 39. Ra3 Nc4 40. Ra4 Kg6 41. Kg3 Nd6 42. Be5 Kf7 43. Rf4+ Ke6 44. Kg4 Kxe5 45. Rf3 Rc4+ 46. Kh5 Ke4 47. Rg3 Rc5+ 48. Kg6 a5 49. Kxg7 Nf5+ 0-1

[Event "Lazy Baltic Pearl op-A 19th"]
[Site "Lazy"]
[Date "2023.07.04"]
[Round "9"]
[White "Ziobrowska, Maja"]
[Black "Klisowski, Bartosz"]
[Result "1-0"]
[WhiteElo "1759"]
[BlackElo "1606"]
[PlyCount "91"]
[EventDate "2023.06.26"]
[EventType "swiss"]
[EventRounds "9"]
[EventCountry "POL"]
[SourceTitle "EXT 2024"]
[Source "ChessBase"]
[SourceDate "2023.10.10"]
[SourceVersion "1"]
[SourceVersionDate "2023.10.10"]
[SourceQuality "1"]

1. e4 c5 2. Nf3 Nc6 3. g3 g6 4. Bg2 Bg7 5. 0-0 e6 6. Nc3 Nge7 7. d3 0-0 8. Re1 d6 9. Bg5 Rb8 10. Qd2 Nd4 11. Nxd4 cxd4 12. Ne2 Qc7 13. Rac1 Nc6 14. Bh6 Bd7 15. Bxg7 Kxg7 16. f4 Qb6 17. b3 Ne7 18. g4 f5 19. gxf5 exf5 20. Ng3 Rbe8 21. Qf2 Nc6 22. exf5 Bxf5 23. Nxf5+ gxf5 24. Kh1 Kh8 25. Qf3 Qa5 26. Qg3 Rg8 27. Qh4 Ref8 28. Rg1 Rg4 29. Qh6 Qd8 30. Bd5 Rf6 31. Qh5 Rfg6 32. Rxg4 fxg4 33. Re1 Nb4 34. Bf7 Kg7 35. Re8 Qf6 36. Bxg6 Qxg6 37. Re7+ Kf6 38. Qxg6+ hxg6 39. Rxb7 Nxc2 40. Rxa7 Ne1 41. Ra4 Nf3 42. b4 Ke6 43. b5 Kd7 44. Rc4 d5 45. Rc1 g5 46. b6 1-0

[Event "Lazy Baltic Pearl op-A 19th"]
[Site "Lazy"]
[Date "2023.06.29"]
[Round "4"]
[White "Ziobrowska, Maja"]
[Black "Strawa, Jakub"]
[Result "1-0"]
[WhiteElo "1759"]
[BlackElo "1585"]
[PlyCount "77"]
[EventDate "2023.06.26"]
[EventType "swiss"]
[EventRounds "9"]
[EventCountry "POL"]
[SourceTitle "CBM 215 Extra"]
[Source "ChessBase"]
[SourceDate "2023.09.30"]
[SourceVersion "1"]
[SourceVersionDate "2023.09.30"]
[SourceQuality "1"]

1. e4 e5 2. Nf3 Nc6 3. Bb5 a6 4. Ba4 Nf6 5. 0-0 Be7 6. Re1 b5 7. Bb3 d6 8. c3 Bg4 9. h3 Bh5 10. d3 0-0 11. Nbd2 Na5 12. Bc2 Re8 13. Nf1 Bf8 14. Ng3 Bxf3 15. Qxf3 g6 16. a4 Bg7 17. b4 Nb7 18. Bg5 Qe7 19. Bb3 c6 20. Qe3 Rec8 21. Rf1 c5 22. f4 c4 23. dxc4 bxc4 24. Bc2 h6 25. Bxf6 Qxf6 26. f5 Qh4 27. Rf3 a5 28. Raf1 Rf8 29. Qb6 Rab8 30. Qb5 Rfc8 31. Qd5 axb4 32. cxb4 g5 33. f6 Bf8 34. Nf5 Qh5 35. Ne7+ Bxe7 36. fxe7 g4 37. Rxf7 Kh8 38. Rf8+ Kg7 39. Qg8# 1-0

[Event "Lazy Baltic Pearl op-A 19th"]
[Site "Lazy"]
[Date "2023.06.26"]
[Round "1"]
[White "Kubica, Kamil"]
[Black "Ziobrowska, Maja"]
[Result "1-0"]
[WhiteElo "2139"]
[BlackElo "1759"]
[PlyCount "119"]
[EventDate "2023.06.26"]
[EventType "swiss"]
[EventRounds "9"]
[EventCountry "POL"]
[SourceTitle "CBM 215 Extra"]
[Source "ChessBase"]
[SourceDate "2023.09.30"]
[SourceVersion "1"]
[SourceVersionDate "2023.09.30"]
[SourceQuality "1"]

1. d4 d5 2. c4 c6 3. cxd5 cxd5 4. Nc3 Nf6 5. f3 Qb6 6. e4 dxe4 7. fxe4 e5 8. dxe5 Ng4 9. Bb5+ Nc6 10. Nh3 Bb4 11. Qe2 0-0 12. Bxc6 Qxc6 13. Bd2 Nxe5 14. Nf2 Be6 15. Nd5 Bxd2+ 16. Qxd2 Bxd5 17. exd5 Qg6 18. Qf4 Nd3+ 19. Nxd3 Qxd3 20. Kf2 Rae8 21. Rhd1 Re2+ 22. Kg1 Qg6 23. Qf3 Qb6+ 24. Kh1 Rxb2 25. d6 h6 26. Rac1 Rd8 27. Rc7 Rf2 28. Rxb7 Rxf3 29. Rxb6 Ra3 30. Rb2 Kf8 31. Kg1 Ra6 32. Rbd2 Rd7 33. Kf2 Ra3 34. Rc1 f6 35. Rc7 Ke8 36. Re2+ Kd8 37. Rec2 Rxd6 38. Rxg7 Rda6 39. g4 R6a4 40. Rb2 Rxa2 41. Rxa2 Rxa2+ 42. Kg3 a5 43. Rf7 a4 44. Rxf6 Ra1 45. Rxh6 Kc7 46. g5 Kb7 47. Rh4 Kc6 48. Rd4 Kc5 49. Rd8 a3 50. Ra8 Kd5 51. h4 Ke5 52. Kg4 Ke6 53. Kh5 Kf7 54. Ra7+ Kf8 55. Kg6 a2 56. Rf7+ Kg8 57. Rf2 Re1 58. Rxa2 Re8 59. Ra6 Kh8 60. Kf7 1-0

[Event "POL-ch U16 Girls"]
[Site "Jastrzebia Gora"]
[Date "2023.??.??"]
[Round "3"]
[White "Seemann, Pola"]
[Black "Ziobrowska, Maja"]
[Result "0-1"]
[WhiteElo "1714"]
[BlackElo "1758"]
[PlyCount "104"]
[EventDate "2023.03.11"]
[EventType "swiss"]
[EventRounds "9"]
[EventCountry "POL"]
[SourceTitle "CBM 213 Extra"]
[Source "ChessBase"]
[SourceDate "2023.05.31"]
[SourceVersion "1"]
[SourceVersionDate "2023.05.31"]
[SourceQuality "1"]

1. e4 e5 2. Nc3 Nf6 3. Bc4 Nxe4 4. Qh5 Nd6 5. Bb3 Be7 6. Qxe5 0-0 7. d4 Nc6 8. Qf4 Na5 9. Nd5 Nxb3 10. axb3 b6 11. Nf3 Bb7 12. Nxe7+ Qxe7+ 13. Be3 a5 14. 0-0 Qe4 15. c3 Nf5 16. Qxc7 Nxe3 17. fxe3 Qxe3+ 18. Kh1 Bxf3 19. Rxf3 Qe6 20. c4 Rac8 21. Qg3 d5 22. Re1 Qd7 23. cxd5 Qxd5 24. Qg4 Rcd8 25. Rd1 Rfe8 26. Rfd3 Re4 27. Qg3 Rde8 28. h3 h6 29. Kh2 R8e6 30. R3d2 Re3 31. Qb8+ Kh7 32. Rf1 Rg6 33. Qc7 Rxb3 34. Qxf7 Qxf7 35. Rxf7 Rd6 36. d5 Kg6 37. Re7 Kf6 38. Re1 Rb5 39. Red1 g5 40. g3 a4 41. Kg2 Rb3 42. Rf1+ Ke7 43. Re1+ Kd7 44. Re4 b5 45. Red4 Rf6 46. d6 Rff3 47. Rg4 Rfd3 48. Rd4 Rxd4 49. Rxd4 Rxb2+ 50. Kf3 a3 51. Rd3 a2 52. Ra3 Rb3+ 0-1

[Event "POL-ch U16 Girls"]
[Site "Jastrzebia Gora"]
[Date "2023.??.??"]
[Round "4"]
[White "Ziobrowska, Maja"]
[Black "Bar, Klaudia"]
[Result "0-1"]
[WhiteElo "1758"]
[BlackElo "1731"]
[PlyCount "84"]
[EventDate "2023.03.11"]
[EventType "swiss"]
[EventRounds "9"]
[EventCountry "POL"]
[SourceTitle "CBM 213 Extra"]
[Source "ChessBase"]
[SourceDate "2023.05.31"]
[SourceVersion "1"]
[SourceVersionDate "2023.05.31"]
[SourceQuality "1"]

1. e4 c5 2. Nf3 Nc6 3. d4 cxd4 4. Nxd4 e5 5. Nb5 d6 6. N1c3 a6 7. Na3 Be6 8. Nc4 Rb8 9. a4 Nb4 10. Ne3 Nf6 11. Ncd5 Bxd5 12. exd5 Qa5 13. Bd2 Qc5 14. c4 Ne4 15. Bc3 a5 16. Qf3 Nf6 17. Be2 Nd7 18. 0-0 g6 19. Kh1 Bg7 20. Qg3 0-0 21. f4 f5 22. fxe5 dxe5 23. Nd1 Nc2 24. Rb1 Nd4 25. Qe3 Nxe2 26. Qxe2 Rbc8 27. b3 e4 28. Bxg7 Kxg7 29. Nc3 Ne5 30. Qb2 Qd4 31. Ne2 Qxb2 32. Rxb2 Nd3 33. Rd2 Kf6 34. g3 Ke5 35. h4 Rf6 36. Kg2 h6 37. Rh1 Rb6 38. Rb1 g5 39. hxg5 hxg5 40. Rh1 Rxb3 41. Rh5 Rxc4 42. Rxg5 Ne1+ 0-1

[Event "POL-ch U16 Girls"]
[Site "Jastrzebia Gora"]
[Date "2023.??.??"]
[Round "2"]
[White "Ziobrowska, Maja"]
[Black "Kulczycka, Zofia"]
[Result "1-0"]
[WhiteElo "1758"]
[BlackElo "1547"]
[PlyCount "75"]
[EventDate "2023.03.11"]
[EventType "swiss"]
[EventRounds "9"]
[EventCountry "POL"]
[SourceTitle "CBM 213 Extra"]
[Source "ChessBase"]
[SourceDate "2023.05.31"]
[SourceVersion "1"]
[SourceVersionDate "2023.05.31"]
[SourceQuality "1"]

1. e4 e6 2. d4 d5 3. e5 c5 4. c3 Nc6 5. Nf3 Qb6 6. Bd3 Bd7 7. 0-0 0-0-0 8. dxc5 Bxc5 9. b4 Be7 10. a4 Qc7 11. Qe2 f6 12. Na3 fxe5 13. Bb5 Bd6 14. h3 Nf6 15. Bxc6 bxc6 16. b5 c5 17. b6 axb6 18. a5 Bc6 19. axb6 Qxb6 20. Nxe5 Bxe5 21. Qxe5 Rhe8 22. Bg5 Qc7 23. Qe2 Kd7 24. Nb5 Bxb5 25. Qxb5+ Ke7 26. Ra6 Rb8 27. Qd3 Kf8 28. Qf3 Qf7 29. Bxf6 Qxf6 30. Qe3 c4 31. Rd1 Rb3 32. Rd4 Kg8 33. Ra7 Rd8 34. Ra6 Re8 35. g4 Qf7 36. Rf4 Qc7 37. Rxe6 Rd8 38. Re8+ 1-0

[Event "POL-ch U20 Girls"]
[Site "Karpacz"]
[Date "2022.11.24"]
[Round "7"]
[White "Ziobrowska, Maja"]
[Black "Gorecka, Zuzanna"]
[Result "1-0"]
[WhiteElo "1563"]
[BlackElo "1436"]
[PlyCount "61"]
[EventDate "2022.11.19"]
[EventType "swiss"]
[EventRounds "9"]
[EventCountry "POL"]
[SourceTitle "EXT 2024"]
[Source "ChessBase"]
[SourceDate "2023.10.10"]
[SourceVersion "1"]
[SourceVersionDate "2023.10.10"]
[SourceQuality "1"]

1. e4 e6 2. d4 d5 3. e5 c5 4. c3 Nc6 5. Nf3 Qb6 6. Bd3 Bd7 7. 0-0 cxd4 8. Re1 Nge7 9. Nbd2 dxc3 10. bxc3 Ng6 11. Nb3 Be7 12. Rb1 Qc7 13. Qe2 0-0 14. h4 Bxh4 15. Bxg6 Bxf2+ 16. Qxf2 fxg6 17. Ba3 Rf5 18. Bd6 Qc8 19. Qe3 Qe8 20. g4 Rf7 21. Ng5 Re7 22. Bxe7 Qxe7 23. Rf1 Nd8 24. Qc5 Qxc5+ 25. Nxc5 Bc8 26. Rf2 h6 27. Rbf1 hxg5 28. Rf8+ Kh7 29. Rxd8 b6 30. Rff8 bxc5 31. Rh8# 1-0

[Event "POL-ch U20 Girls"]
[Site "Karpacz"]
[Date "2022.11.21"]
[Round "3"]
[White "Ziobrowska, Maja"]
[Black "Barwinska, Ewa"]
[Result "0-1"]
[WhiteElo "1563"]
[BlackElo "1989"]
[PlyCount "64"]
[EventDate "2022.11.19"]
[EventType "swiss"]
[EventRounds "9"]
[EventCountry "POL"]
[SourceTitle "EXT 2024"]
[Source "ChessBase"]
[SourceDate "2023.10.10"]
[SourceVersion "1"]
[SourceVersionDate "2023.10.10"]
[SourceQuality "1"]

1. e4 c5 2. Nf3 d6 3. d4 cxd4 4. Nxd4 Nf6 5. Nc3 a6 6. g3 e5 7. Nde2 Be7 8. Bg2 0-0 9. h3 b5 10. Nd5 Nxd5 11. Qxd5 Ra7 12. Be3 Be6 13. Qd2 Rb7 14. 0-0 Nd7 15. Rad1 Qc8 16. f4 Rc7 17. c3 Bxa2 18. f5 Bc4 19. g4 Qd8 20. Bf3 Nc5 21. Kh2 d5 22. Bxc5 Rxc5 23. exd5 Bb3 24. Ra1 Bxd5 25. b4 Bg5 26. Qd1 Bxf3 27. Qxd8 Rxd8 28. Rxf3 Rc6 29. Kg3 e4 30. Rff1 Rd3+ 31. Kg2 Rd2 32. Rfd1 Rxe2+ 0-1

[Event "POL-ch U14 Girls"]
[Site "Uniejow"]
[Date "2021.07.23"]
[Round "7"]
[White "Ziobrowska, Maja"]
[Black "Nieckarz, Maja"]
[Result "1-0"]
[WhiteElo "1601"]
[BlackElo "1430"]
[PlyCount "95"]
[EventDate "2021.07.18"]
[EventType "swiss"]
[EventRounds "9"]
[EventCountry "POL"]
[SourceTitle "EXT 2022"]
[Source "ChessBase"]
[SourceDate "2021.10.06"]
[SourceVersion "1"]
[SourceVersionDate "2021.10.06"]
[SourceQuality "1"]

1. e4 c5 2. Nf3 d6 3. d4 cxd4 4. Qxd4 a6 5. c4 Nc6 6. Qe3 g6 7. Be2 Bg7 8. h3 Nf6 9. 0-0 0-0 10. Nc3 Be6 11. Rd1 Nd7 12. b3 Nc5 13. Bd2 a5 14. Rac1 a4 15. Nb5 axb3 16. axb3 Na7 17. Nxa7 Rxa7 18. b4 Qc7 19. bxc5 dxc5 20. Bc3 Ra3 21. Qd2 f6 22. Ra1 Ra6 23. Qb2 Rb6 24. Qc2 Ra6 25. Rxa6 bxa6 26. Qa4 Ra8 27. Qa5 Qf4 28. Nd2 Bh6 29. Qxc5 Kf7 30. Bb4 Re8 31. e5 fxe5 32. Nf3 e4 33. Nd4 Bf5 34. Bd2 Qh4 35. Nxf5 gxf5 36. Qxf5+ Kg7 37. Qe5+ Kg8 38. Qe6+ Kh8 39. Qxh6 Qxh6 40. Bxh6 a5 41. Ra1 Ra8 42. c5 a4 43. c6 a3 44. c7 a2 45. Rxa2 Rc8 46. Bg4 Rxc7 47. Ra8+ Rc8 48. Rxc8# 1-0

[Event "POL-ch U14 Girls"]
[Site "Uniejow"]
[Date "2021.07.21"]
[Round "5"]
[White "Ziobrowska, Maja"]
[Black "Niedorys, Karolina"]
[Result "1/2-1/2"]
[WhiteElo "1601"]
[BlackElo "1413"]
[PlyCount "60"]
[EventDate "2021.07.18"]
[EventType "swiss"]
[EventRounds "9"]
[EventCountry "POL"]
[SourceTitle "EXT 2022"]
[Source "ChessBase"]
[SourceDate "2021.10.06"]
[SourceVersion "1"]
[SourceVersionDate "2021.10.06"]
[SourceQuality "1"]

1. d4 d5 2. c4 e6 3. Nc3 Nf6 4. cxd5 exd5 5. Bg5 Be7 6. Qc2 c6 7. e3 0-0 8. Bd3 h6 9. Bf4 Nbd7 10. Nge2 Re8 11. 0-0 Nf8 12. f3 Bd6 13. Bxd6 Qxd6 14. e4 dxe4 15. fxe4 Ng4 16. e5 Qd8 17. Qd2 h5 18. Qf4 Be6 19. h3 Nh6 20. Ne4 Ng6 21. Qf3 Nf5 22. Nf6+ gxf6 23. Bxf5 h4 24. Bxg6 fxg6 25. Qxf6 Qxf6 26. Rxf6 Kg7 27. Nf4 Bf5 28. Kf2 Rad8 29. Rd1 Rxe5 30. dxe5 Rxd1 1/2-1/2

[Event "POL-chT U20 2nd League"]
[Site "Sypniewo"]
[Date "2020.??.??"]
[Round "6.48"]
[White "Ziobrowska, Maja"]
[Black "Gornisiewicz, Zuzanna"]
[Result "1-0"]
[WhiteElo "1483"]
[BlackElo "1023"]
[PlyCount "60"]
[EventDate "2020.10.23"]
[EventType "team-swiss"]
[EventRounds "9"]
[EventCountry "POL"]
[SourceTitle "CBM 199 Extra"]
[Source "ChessBase"]
[SourceDate "2021.01.31"]
[SourceVersion "1"]
[SourceVersionDate "2021.01.31"]
[SourceQuality "1"]

1. e4 Nc6 2. Nf3 d6 3. d4 Bg4 4. Be3 Nf6 5. Nc3 e6 6. Be2 Be7 7. Qd2 0-0 8. h3 Bh5 9. 0-0-0 Bg6 10. e5 Nd7 11. exd6 Bxd6 12. Bd3 Qf6 13. Bg5 Bf4 14. Qxf4 Qxf4+ 15. Bxf4 Rfe8 16. Bxg6 hxg6 17. d5 exd5 18. Nxd5 Re4 19. Nxc7 Rd8 20. Bg3 Nf6 21. Rxd8+ Nxd8 22. Rd1 Nc6 23. Nd5 Re8 24. Nxf6+ gxf6 25. Rd7 b6 26. Nd4 Nxd4 27. Rxd4 Re7 28. Kd2 Kg7 29. Bd6 Rd7 30. Bf8+ Kxf8 1-0